[Event "Nordic-ch Seniors"]
[Site "Reykjavik"]
[Date "2011.09.18"]
[Round "9"]
[White "Solmundarson, Magnus"]
[Black "Danielsson, Robert"]
[Result "1/2-1/2"]
[WhiteElo "2219"]
[BlackElo "2087"]
[PlyCount "79"]
[EventDate "2011.09.10"]
[EventType "swiss"]
[EventRounds "9"]
[EventCountry "ISL"]
[SourceTitle "CBM 144 Extra"]
[Source "ChessBase"]
[SourceDate "2011.10.28"]
[SourceVersion "1"]
[SourceVersionDate "2011.10.28"]
[SourceQuality "1"]

1. d4 Nf6 2. Nf3 g6 3. Bg5 Ne4 4. e3 Bg7 5. Bd3 d5 6. Nbd2 Nxd2 7. Qxd2 0-0 8. Bh4 c5 9. c3 b6 10. 0-0 Bb7 11. b4 c4 12. Bc2 b5 13. a4 a6 14. axb5 axb5 15. Rxa8 Bxa8 16. Ra1 Bb7 17. Qe1 f5 18. Ra5 Qd7 19. Bg3 Nc6 20. Rxb5 e5 21. dxe5 Nxe5 22. Ra5 Nxf3+ 23. gxf3 Ra8 24. Rc5 Rc8 25. Rxc8+ Qxc8 26. Bd6 Qa8 27. Bc5 d4 28. exd4 Bxf3 29. Bd1 Be4 30. f3 Bd5 31. Qe7 h5 32. Qa7 Bxf3 33. Qxa8+ Bxa8 34. Kf2 Bf6 35. Bf3 Bxf3 36. Kxf3 Kf7 37. b5 Ke6 38. Bb4 Kd7 39. Kf4 Kc8 40. Bc5 1/2-1/2

[Event "Nordic-ch Seniors"]
[Site "Reykjavik"]
[Date "2011.09.15"]
[Round "6"]
[White "Danielsson, Robert"]
[Black "Patola, Eero"]
[Result "1-0"]
[WhiteElo "2087"]
[BlackElo "1886"]
[PlyCount "81"]
[EventDate "2011.09.10"]
[EventType "swiss"]
[EventRounds "9"]
[EventCountry "ISL"]
[SourceTitle "CBM 144 Extra"]
[Source "ChessBase"]
[SourceDate "2011.10.28"]
[SourceVersion "1"]
[SourceVersionDate "2011.10.28"]
[SourceQuality "1"]

1. d4 f5 2. Nf3 Nf6 3. g3 g6 4. Bg2 Bg7 5. 0-0 0-0 6. c4 d6 7. Nc3 Qe8 8. d5 Na6 9. Rb1 Bd7 10. b4 h6 11. a3 Rb8 12. Bb2 Qf7 13. Nd4 Kh7 14. Qd3 Ng4 15. f4 Qe8 16. e4 c5 17. dxc6 bxc6 18. exf5 gxf5 19. Nf3 Nc7 20. Ne2 Bxb2 21. Rxb2 a5 22. Nh4 axb4 23. axb4 h5 24. Rfb1 Qf7 25. Nd4 c5 26. bxc5 Rxb2 27. Rxb2 dxc5 28. Ndf3 Qe8 29. h3 Nh6 30. Rd2 Be6 31. Ng5+ Kh8 32. Qe3 Rf6 33. Qxc5 Na6 34. Qa5 Bd7 35. c5 Nb8 36. Qc7 Ra6 37. c6 Nxc6 38. Rxd7 Ra7 39. Qxc6 Qxd7 40. Qxh6+ Kg8 41. Qh7+ 1-0